|
|
|
|
| LEADER |
00000nas a2200000 a 4500 |
| 001 |
ssj0003382 |
| 003 |
WaSeSS |
| 005 |
20200512172242.0 |
| 006 |
m d |
| 007 |
cr n |
| 008 |
950120c19499999mduqr pss o 0 a0eng c |
| 010 |
|
|
|a sn 95007062
|z sn 99023366
|
| 016 |
7 |
|
|a 1495357-2
|2 DE-600
|
| 016 |
7 |
|
|a 1495357 2
|2 DE-600
|
| 022 |
|
|
|a 1080-6490
|l 0003-0678
|y 0003-0678
|
| 024 |
7 |
|
|a AP2
|2 LC class
|
| 035 |
|
|
|a (WaSeSS)ssj0003382
|
| 037 |
|
|
|b Johns Hopkins University Press, P.O. Box 19966, Baltimore, MD 21211
|c $59.40 (online subscription only)
|c $85.80 (combined online and print subscription)
|
| 040 |
|
|
|a NSD
|b eng
|e pn
|c NSD
|d OCL
|d NSD
|d GUA
|d IUL
|d WAU
|d OCL
|d IUL
|d OCL
|d GUA
|d OCLCQ
|d MUQ
|d IUL
|d OCLCQ
|d OCL
|d NSD
|d OCLCQ
|d HUL
|d OCLCQ
|d UMC
|d OCLCF
|d EUW
|d OCLCQ
|d DEBBG
|d EZC
|d REC
|d VT2
|d CUS
|d SFB
|d WaSeSS
|
| 042 |
|
|
|a nsdp
|a pcc
|
| 043 |
|
|
|a n-us---
|
| 050 |
1 |
4 |
|a AP2
|
| 082 |
1 |
0 |
|a 051
|2 14
|
| 222 |
|
0 |
|a American quarterly
|b (Online)
|
| 245 |
0 |
0 |
|a American quarterly
|h [electronic resource].
|
| 246 |
1 |
3 |
|a AQ
|
| 260 |
|
|
|a Minneapolis, Minn. :
|b University of Minnesota Press for the Program in American Studies at the University of Minnesota,
|c 1949-
|
| 310 |
|
|
|a Quarterly,
|b 1987-
|
| 321 |
|
|
|a Quarterly,
|b 1949-1956
|
| 321 |
|
|
|a Five no. a year,
|b 1957-1986
|
| 362 |
0 |
|
|a Vol. 1, no. 1 (spring 1949)-
|
| 500 |
|
|
|a Title from title screen (JSTOR, viewed Feb. 12, 1999).
|
| 500 |
|
|
|a Publisher varies.
|
| 500 |
|
|
|a Place of publication varies: Philadelphia, Pa., 1951-1987; Baltimore, Md., 1988-
|
| 506 |
|
|
|a License restrictions may limit access.
|
| 550 |
|
|
|a Issued by: Committee on American Civilization of the University of Pennsylvania, 1951-1957; in cooperation with: American Studies Association, 1958-summer 1985; in cooperation with the University of Pennsylvania, -1987; the American Studies Association, 1988-
|
| 588 |
|
|
|a Latest issue consulted: Volume 59, Number 4 (December 2007) (JSTOR, viewed Sept. 23, 2013).
|
| 650 |
|
7 |
|a Study skills.
|2 fast
|0 (OCoLC)fst01136216
|
| 651 |
|
0 |
|a United States
|v Periodicals.
|
| 651 |
|
0 |
|a United States
|x Study and teaching
|v Periodicals.
|
| 651 |
|
6 |
|a États-Unis
|v Périodiques.
|
| 651 |
|
7 |
|a United States.
|2 fast
|0 (OCoLC)fst01204155
|
| 655 |
|
0 |
|a Electronic journals.
|
| 710 |
2 |
|
|a University of Minnesota.
|b Program in American Studies.
|
| 710 |
2 |
|
|a University of Pennsylvania.
|b Committee on American Civilization.
|
| 710 |
2 |
|
|a American Studies Association.
|
| 770 |
0 |
|
|t American studies international
|g 1975-1979
|w (DLC) 2012235300
|w (OCoLC)653029849
|
| 776 |
0 |
8 |
|i Print version:
|t American quarterly
|x 0003-0678
|w (DLC) 50004992
|w (OCoLC)1480637
|
| 856 |
4 |
0 |
|z Full text available from Research Library: 03/01/2003 to 1 year ago
|u https://search.proquest.com/publication/42071
|